000 00536nam a2200169 i 4500
001 85396
003 ES-MaACL
005 20230906175233.0
007 t|
008 041129s1918 sp ||||1| spa d
100 1 _aJiménez de Asúa, Luis,
_d1889-1970
_966491
245 1 3 _aLa política criminal en las legislaciones europeas y norteamericanas /
_cLuis Jiménez de Asúa.
260 _aMadrid :
_b[s.n.,
_c1918 (
_fImp. Clásica Española)
300 _a268 p. ;
_c20 cm.
852 _aES-MaACL
_jF-7671
999 _c85396
_d85396